Top 10 Countries By Religion: Judaism - Statistics

General Stats
  • This quiz has been taken 1,987 times
  • The average score is 9 of 13
Answer Stats
Type Rank Country Amount % Correct
Total 1 Israel 6,153,000
100%
Total 2 United States 5,700,000
99%
Total 6 United Kingdom 290,000
94%
Total 3 France 453,000
91%
Total 5 Canada 390,000
90%
Total 9 Germany 116,000
89%
Total 8 Russia 172,000
84%
Total 10 Australia 113,000
70%
Total 7 Argentina 180,000
55%
Percent 10 Belgium 0.2%
47%
Percent 5 Hungary 0.4%
31%
Percent 5 Uruguay 0.4%
17%
Total 4 Palestine 404,000
14%
No matching quizzes found
Score Distribution
Percent of People with Each Score
Percentile by Number Answered
Your Score History
You have not taken this quiz